000 00471nam a2200169Ia 4500
008 240729s9999 xx 000 0 und d
022 _a1179-0776
245 0 _aInternational Journal of Construction Supply Chain Management
260 _aNew Zealand
260 _bMassey University
650 _a Business
650 _a Commerce
650 _aSocial Sciences
856 _uhttps://doaj.org/toc/5e57e3d2f9134211a3cb7e2208b51d13
942 _2ddc
942 _cDOAJEJ
999 _c73203
_d73203
945 _a1
_bMadushi Gamage
_c1
_dMadushi Gamage